<?xml version="1.0" encoding="UTF-8"?>
<record
    xmlns:xsi="http://www.w3.org/2001/XMLSchema-instance"
    xsi:schemaLocation="http://www.loc.gov/MARC21/slim http://www.loc.gov/standards/marcxml/schema/MARC21slim.xsd"
    xmlns="http://www.loc.gov/MARC21/slim">

  <leader>03504nam a2200565Ia 4500</leader>
  <controlfield tag="001">6857</controlfield>
  <controlfield tag="008">241029s9999    xx            000 0 und d</controlfield>
  <datafield tag="010" ind1=" " ind2=" ">
    <subfield code="a">6480</subfield>
  </datafield>
  <datafield tag="041" ind1=" " ind2=" ">
    <subfield code="a">Espa&#xF1;ol</subfield>
  </datafield>
  <datafield tag="082" ind1=" " ind2=" ">
    <subfield code="a">MGE-0056</subfield>
  </datafield>
  <datafield tag="245" ind1=" " ind2="0">
    <subfield code="a">Modelo de Formaci&#xF3;n para la Capacitaci&#xF3;n del Personal Docente y Administrativo en Modalidad Virtual. </subfield>
  </datafield>
  <datafield tag="260" ind1=" " ind2=" ">
    <subfield code="a">Santo Domingo</subfield>
  </datafield>
  <datafield tag="300" ind1=" " ind2=" ">
    <subfield code="a">84</subfield>
  </datafield>
  <datafield tag="520" ind1=" " ind2=" ">
    <subfield code="a">68</subfield>
  </datafield>
  <datafield tag="630" ind1=" " ind2=" ">
    <subfield code="a">Acompa&#xF1;amiento</subfield>
  </datafield>
  <datafield tag="630" ind1=" " ind2=" ">
    <subfield code="a">Ense&#xF1;anza Virtual</subfield>
  </datafield>
  <datafield tag="630" ind1=" " ind2=" ">
    <subfield code="a">Pedagog&#xED;a</subfield>
  </datafield>
  <datafield tag="630" ind1=" " ind2=" ">
    <subfield code="a">Recursos Tecnol&#xF3;gicos</subfield>
  </datafield>
  <datafield tag="630" ind1=" " ind2=" ">
    <subfield code="a">Tecnolog&#xED;a Educativa</subfield>
  </datafield>
  <datafield tag="650" ind1=" " ind2=" ">
    <subfield code="a">Capacitaci&#xF3;n Docente</subfield>
  </datafield>
  <datafield tag="690" ind1=" " ind2=" ">
    <subfield code="a">Elaborado</subfield>
  </datafield>
  <datafield tag="700" ind1=" " ind2=" ">
    <subfield code="e">asesor</subfield>
    <subfield code="a">Fuster , Marcela </subfield>
  </datafield>
  <datafield tag="700" ind1=" " ind2=" ">
    <subfield code="e">autor</subfield>
    <subfield code="a">Cruz Bejar&#xE1;n , Rosa Maria </subfield>
  </datafield>
  <datafield tag="901" ind1=" " ind2=" ">
    <subfield code="a">{"1":"Cruz Bejar&#xE1;n "}</subfield>
    <subfield code="b">{"1":"Rosa Maria "}</subfield>
  </datafield>
  <datafield tag="902" ind1=" " ind2=" ">
    <subfield code="a">1</subfield>
  </datafield>
  <datafield tag="903" ind1=" " ind2=" ">
    <subfield code="a">{"1":"Fuster "}</subfield>
    <subfield code="b">{"1":"Marcela "}</subfield>
  </datafield>
  <datafield tag="904" ind1=" " ind2=" ">
    <subfield code="a">Maestr&#xED;a en</subfield>
  </datafield>
  <datafield tag="905" ind1=" " ind2=" ">
    <subfield code="a">Gerencia Educativa</subfield>
  </datafield>
  <datafield tag="906" ind1=" " ind2=" ">
    <subfield code="a">2</subfield>
  </datafield>
  <datafield tag="907" ind1=" " ind2=" ">
    <subfield code="a">NO APLICA</subfield>
  </datafield>
  <datafield tag="908" ind1=" " ind2=" ">
    <subfield code="a">NO APLICA</subfield>
  </datafield>
  <datafield tag="909" ind1=" " ind2=" ">
    <subfield code="a">Universidad Iberoamericana (UNIBE)</subfield>
  </datafield>
  <datafield tag="910" ind1=" " ind2=" ">
    <subfield code="a">NULL</subfield>
    <subfield code="b">NULL</subfield>
  </datafield>
  <datafield tag="911" ind1=" " ind2=" ">
    <subfield code="a">["1"]</subfield>
  </datafield>
  <datafield tag="912" ind1=" " ind2=" ">
    <subfield code="a">NO APLICA</subfield>
  </datafield>
  <datafield tag="913" ind1=" " ind2=" ">
    <subfield code="a">NULL</subfield>
  </datafield>
  <datafield tag="914" ind1=" " ind2=" ">
    <subfield code="a">01 de Agosto de 2018</subfield>
  </datafield>
  <datafield tag="915" ind1=" " ind2=" ">
    <subfield code="a">07/11/19 12:11</subfield>
  </datafield>
  <datafield tag="916" ind1=" " ind2=" ">
    <subfield code="a">NULL</subfield>
  </datafield>
  <datafield tag="917" ind1=" " ind2=" ">
    <subfield code="a">NULL</subfield>
  </datafield>
  <datafield tag="918" ind1=" " ind2=" ">
    <subfield code="a">NO APLICA</subfield>
  </datafield>
  <datafield tag="919" ind1=" " ind2=" ">
    <subfield code="a">["1","210","153","218","191"]</subfield>
  </datafield>
  <datafield tag="520" ind1=" " ind2=" ">
    <subfield code="a">El objetivo general de esta investigaci&#xF3;n, consisti&#xF3; en proponer un modelo de formaci&#xF3;n en modalidad virtual para la capacitaci&#xF3;n del personal docente y administrativo, en instituciones educativas. Se utiliz&#xF3; el m&#xE9;todo cualitativo. La poblaci&#xF3;n beneficiaria de esta propuesta fueron el personal docente y administrativo de centros educativos, con un total de 85 personas.&#xA0;Los resultados arrojaron los siguientes datos: sobre el acceso a computadoras en sus &#xE1;reas de trabajo, treinta y seis docentes tienen acceso y nueve no lo tienen, mientras, la totalidad de los cuarenta empleados administrativos cuentan con esta herramienta en sus &#xE1;reas de labores. El acceso a internet en el &#xE1;rea de trabajo est&#xE1; h&#xE1;bil para treinta y ocho docentes, mientras siete respondieron que no tienen acceso. En el caso de los empleados administrativos, la totalidad de las cuarenta personas cuentan con conexi&#xF3;n a la red. A las ochenta y cinco personas se les pregunt&#xF3;, si utilizan tecnolog&#xED;a educativa en sus clases y/o &#xE1;reas de trabajo, cuarenta y un docentes respondieron utilizarla y cuatro no la usan, mientras treinta y siete colaboradores administrativos admitieron hacer uso de la misma, frente a tres que no hacen uso de ese recurso.&#xA0;Se concluy&#xF3; que en las instituciones estudiadas, el problema de implementaci&#xF3;n de tecnolog&#xED;a no es de actitud, sino de formaci&#xF3;n y conocimiento. En el caso de los docentes y colaboradores administrativos, aun visualizan el hardware (equipos f&#xED;sicos) como uso de tecnolog&#xED;a: proyector, computadora, bocinas, celulares. No se evidenci&#xF3; un uso pedag&#xF3;gico e intencional de la misma para los docentes, aunque en sus intereses de formaci&#xF3;n, plantean aspectos puramente pedag&#xF3;gicos.&#xA0;Se recomend&#xF3; estandarizar la estructura que deben tener los diferentes entornos virtuales que se vayan a utilizar. Tambi&#xE9;n utilizar la figura del acompa&#xF1;ante virtual, cuya funci&#xF3;n es de seguimiento al trabajo que realiza el tutor dentro del entorno virtual y de dinamizaci&#xF3;n de la instituci&#xF3;n, que se responsabilice del proceso.&#xA0;</subfield>
  </datafield>
  <datafield tag="921" ind1=" " ind2=" ">
    <subfield code="a">63</subfield>
  </datafield>
  <datafield tag="922" ind1=" " ind2=" ">
    <subfield code="a">63</subfield>
  </datafield>
  <datafield tag="923" ind1=" " ind2=" ">
    <subfield code="a">1</subfield>
  </datafield>
  <datafield tag="924" ind1=" " ind2=" ">
    <subfield code="a">NO APLICA</subfield>
  </datafield>
  <datafield tag="942" ind1=" " ind2=" ">
    <subfield code="c">Tesis</subfield>
  </datafield>
  <datafield tag="999" ind1=" " ind2=" ">
    <subfield code="c">6480</subfield>
    <subfield code="d">6480</subfield>
  </datafield>
</record>
